Povinnosti v podnikaní a sankcie

Pokračovanie príspevku o povinnostiach a sankciách v podnikaní. Prehľad základných povinností daňovníkov a prislúchajúce sankcie v oblasti niektorých miestnych daní.

Enregistré dans:
Détails bibliographiques
Auteur principal: Dobšovič, Dušan
Format: Chapitre de livre
Langue:slovaque
Sujets:
Tags: Ajouter un tag
Pas de tags, Soyez le premier à ajouter un tag!

MARC

LEADER 00000naa$a2200000$$$4500
001 0039141
005 20231109114242.8
041 0 |a slo 
044 |a SK 
245 1 0 |a Povinnosti v podnikaní a sankcie  |c Dušan Dobšovič 
520 |a Pokračovanie príspevku o povinnostiach a sankciách v podnikaní. Prehľad základných povinností daňovníkov a prislúchajúce sankcie v oblasti niektorých miestnych daní. 
610 2 0 |a poplatky miestne 
610 2 0 |a dane miestne 
610 2 0 |a Slovensko 
610 2 0 |a podnikanie 
610 2 0 |a sankcie 
610 2 0 |a daňovníci 
610 2 0 |a úpravy právne 
100 1 |a Dobšovič, Dušan